Изучение и разработка трилонатно-пирофосфатного электролита кадмирования: диссертация на соискание ученой степени кандидата технических наук

Bibliographic Details
Main Author: Вахманцева Н. И.
Corporate Author: Томский политехнический институт
Other Authors: Стромберг А. Г. Армин Генрихович (научный руководитель)
Language:Russian
Published: Томск, [Б. и.], 1978
Subjects:
Format: Book
KOHA link:https://koha.lib.tpu.ru/cgi-bin/koha/opac-detail.pl?biblionumber=80071

MARC

LEADER 00000nbm0a2200000 4500
001 80071
005 20240312140117.0
035 |a (RuTPU)RU\TPU\book\86069 
090 |a 80071 
100 |a 20050831d1978 k y0rusy50 ca 
101 0 |a rus 
102 |a RU 
105 |a a m 001zy 
200 1 |a Изучение и разработка трилонатно-пирофосфатного электролита кадмирования  |e диссертация на соискание ученой степени кандидата технических наук  |f Н. И. Вахманцева  |g Томский политехнический институт; науч. ред. А. Г. Стромберг 
210 |a Томск  |c [Б. и.]  |d 1978 
215 |a 196 л.  |c ил. 
320 |a Библиогр.: с. 166-179 (235 назв.) 
606 1 |a Кадмирование  |2 stltpush  |3 (RuTPU)RU\TPU\subj\13465  |9 40070 
610 1 |a диссертации 
610 1 |a изучение 
610 1 |a разработка 
610 1 |a трилонатно-пирофосфановые электролиты 
610 1 |a полилигандные системы 
610 1 |a ПАВ 
610 1 |a полярографический метод 
610 1 |a кинетика 
610 1 |a электрохимия 
610 1 |a кадмий 
610 1 |a электроосаждение 
610 1 |a гальванические покрытия 
610 1 |a труды учёных ТПУ 
675 |a 621.357.74:669.2/.8(04)  |v 4 
700 1 |a Вахманцева  |b Н. И. 
702 1 |a Стромберг  |b А. Г.  |c химик, специалист в области классической полярографии и инверсионной вольтамперометрии  |c профессор Томского политехнического института  |f 1910-2004  |g Армин Генрихович  |3 (RuTPU)RU\TPU\pers\11188  |4 727  |9 2478 
712 0 2 |a Томский политехнический институт  |c (1944-1991)  |3 (RuTPU)RU\TPU\col\1123  |9 23521 
801 1 |a RU  |b 63413507  |c 20050831  |g PSBO 
801 2 |a RU  |b 63413507  |c 20180124  |g RCR 
942 |c BK